000 01333nam a2200337 c 4500
003 BLK
005 20250728090017.0
008 180409b bul|||||r ||||||| ||bul||
010 _aKNG00100994000
020 _a954-17-0202-3
_bиздат.: Калпазанов
040 _aBLK
041 _aBUL
_cBUL
080 _aАнглийска литература
_b821.111
_x-31
_z821.111-31
100 1 _aАдлър, Елизабет
_eпърви автор
_9364396
700 1 _aНенкова, Силвия Вангелова
_eпрев. от англ.
_9366297
139 _aАдлър, Елизабет
_bА 31
245 1 0 _aИзплъзващи се образи
_bРоман
_cЕлизабет Адлър; прев. от англ. Силвия Вангелова Ненкова.
257 _aGBR
260 София
_bКалпазанов
_c2002
_fСофия : Инвестпрес
300 _a480 с.
_c20 см
380 _aX
490 1 _aКолекция Елизабет Адлър
500 _aОриг. загл. Fleeting Images / Elizabeth Adler. - Офс. изд.
653 _aромани
852 _aЦб 211245
856 4 _qpdf
_u
856 4 _qpdf
_u
942 _cKNG
_n0
_094
944 _aCR
_c01.01.2002
_lЦветелина Шанова
_k30531
944 _aED
_c10.12.2013
_lф /
_k
999 _c96111
_d96111